000
00191 a2200097 4500
001
14826
100
_a
245
_a
The Everest years
260
_a
London
_b
Hodder
_c
090
_c
11597
_d
11597
942
_a
NUST-CAE
_c
M
_c
1777
999
_c
249899
_d
249899